| 000 | 00821nam a22001935i 4500 | ||
|---|---|---|---|
| 001 | 156003 | ||
| 003 | ES-MaACL | ||
| 005 | 20230906210304.0 | ||
| 008 | 990614s1862 sp a |||| | spa d | ||
| 040 |
_aAN _bspa _cAN |
||
| 110 | 2 |
_aInstituto de Segunda Enseñanza de la Provincia de Badajoz. _9134558 |
|
| 245 | 1 | 0 | _aMemoria que en la solemne apertura del curso académico de 1862 á 1863 leyó Valeriano Ordoñez de Adrian. |
| 260 |
_aBadajoz : _bimprenta de Arteaga y compañía, _c1861. |
||
| 300 |
_a44 p. : _btab. pleg. ; _c21 cm. |
||
| 610 | 2 | 4 |
_aInstituto de Segunda Enseñanza de la Provincia de Badajoz- _xMemorias. _9160839 |
| 700 | 2 | 1 |
_aOrdoñez de Adrian, Valeriano. _9222497 |
| 852 |
_aES-MaACL _jT-707-F-3 _z-- Enc. hol. conservando la cub. original _z-- Enc. en un vol. facticio |
||
| 999 |
_c156003 _d156003 |
||